[Event "GRE-ch U14"]
[Site "Niforeika"]
[Date "2000.04.24"]
[Round "4.2"]
[White "Panagiotopoulos, Alexandros"]
[Black "Kadiltzoglou, Miltiadis"]
[Result "0-1"]
[WhiteElo "1985"]
[BlackElo "1690"]
[PlyCount "104"]
[EventDate "2000.??.??"]
[EventType "swiss"]
[EventRounds "7"]
[EventCountry "GRE"]
[Source "ChessBase"]
[SourceDate "2003.11.25"]

1. e4 Nf6 2. e5 Nd5 3. d4 d6 4. c4 Nb6 5. exd6 cxd6 6. Nc3 g6 7. a4 a5 8. c5
dxc5 9. Bb5+ N6d7 10. dxc5 Bg7 11. Nf3 O-O 12. Be3 Nf6 13. O-O Bg4 14. Qxd8
Rxd8 15. Ne5 Nbd7 16. Nxd7 Bxd7 17. f3 Bc6 18. Rfe1 Nd5 19. Nxd5 Bxd5 20. Rab1
e6 21. Kf1 Rac8 22. Bg5 f6 23. Bd2 Rxc5 24. Bxa5 Ra8 25. b4 Rc3 26. Rbc1 Rac8
27. Rxc3 Rxc3 28. Bb6 Kf7 29. Bc5 Bh6 30. Re2 Bc1 31. Bd4 Rb3 32. Rc2 Bf4 33.
Rb2 Rxb2 34. Bxb2 Bxh2 35. Bd3 Bd6 36. b5 Bb4 37. Bc2 e5 38. Ke2 Ke6 39. Kd3 f5
40. Bc3 e4+ 41. fxe4 Bxe4+ 42. Kd4 Bxc3+ 43. Kxc3 Bxg2 44. Kd4 b6 45. Bb3+ Ke7
46. Ke5 h5 47. Bc4 h4 48. Kf4 h3 49. Kg3 f4+ 50. Kf2 g5 51. Bd3 g4 52. Bf5 g3+
0-1

[Event "UKR-ch"]
[Site "Sevastopol"]
[Date "2000.??.??"]
[Round "3"]
[White "Volokitin, Andrei"]
[Black "Maximov, Dmitry"]
[Result "1-0"]
[WhiteElo "2347"]
[BlackElo "2244"]
[PlyCount "51"]
[EventDate "2000.??.??"]
[EventType "swiss"]
[EventRounds "9"]
[EventCountry "UKR"]
[Source "ChessBase"]
[SourceDate "2000.11.22"]

1. e4 Nf6 2. e5 Nd5 3. d4 d6 4. c4 Nb6 5. exd6 cxd6 6. Nc3 g6 7. a4 Bg7 8. a5
N6d7 9. Nf3 O-O 10. Ra3 e5 11. d5 h6 12. Be2 f5 13. b4 Na6 14. Rb3 Qf6 15. Bb2
g5 16. O-O Qg6 17. Ba3 Rd8 18. Nb5 b6 19. axb6 axb6 20. Bb2 h5 21. Ra3 Bb7 22.
Bc1 g4 23. Nh4 Qf6 24. Nxf5 Bf8 25. Bxg4 h4 26. Nxh4 1-0

[Event "GRE-chT 29th"]
[Site "Athens"]
[Date "2000.07.11"]
[Round "6"]
[White "Papatheodorou, Theodoros"]
[Black "Efthimiatos, Georgios"]
[Result "1/2-1/2"]
[WhiteElo "2274"]
[BlackElo "2199"]
[PlyCount "72"]
[EventDate "2000.07.06"]
[EventType "team"]
[EventRounds "8"]
[EventCountry "GRE"]
[Source "ChessBase"]
[SourceDate "2000.11.22"]

1. e4 Nf6 2. e5 Nd5 3. d4 d6 4. c4 Nb6 5. exd6 cxd6 6. Nc3 g6 7. a4 Bg7 8. a5
N6d7 9. Ra3 O-O 10. d5 Na6 11. Be2 b6 12. axb6 axb6 13. Nf3 Bb7 14. Nd4 Nc7 15.
Rxa8 Qxa8 16. O-O e6 17. dxe6 fxe6 18. f3 Qa5 19. Ncb5 Nxb5 20. Nxb5 d5 21. b4
Qa2 22. Re1 Ne5 23. Nc7 Kf7 24. f4 Nxc4 25. Nxe6 Bc3 26. Ng5+ Kg8 27. Bg4 d4
28. Be6+ Kh8 29. Re2 Qa6 30. Bxc4 Qxc4 31. Re7 Bd5 32. Rxh7+ Kg8 33. Rh6 Kg7
34. Rh7+ Kg8 35. Rh6 Kg7 36. Rh7+ Kg8 1/2-1/2

[Event "Tampere op5"]
[Site "Tampere"]
[Date "2000.??.??"]
[Round "3"]
[White "Salmensuu, Olli"]
[Black "Pessi, Juha"]
[Result "1-0"]
[WhiteElo "2458"]
[BlackElo "2190"]
[PlyCount "99"]
[EventDate "2000.08.??"]
[EventType "swiss"]
[EventRounds "5"]
[EventCountry "FIN"]
[Source "ChessBase"]
[SourceDate "2000.11.22"]

1. e4 Nf6 2. e5 Nd5 3. d4 d6 4. c4 Nb6 5. exd6 cxd6 6. Nc3 g6 7. a4 Bf5 8. a5
Nc8 9. g3 Bg7 10. Bg2 a6 11. Bxb7 Ra7 12. Bg2 O-O 13. Be3 Rc7 14. Qb3 Nc6 15.
Nge2 e5 16. Nd5 exd4 17. Nxc7 Qxc7 18. Bf4 d3 19. g4 Qe7 20. Be3 Bxg4 21. Qxd3
Ne5 22. Qc2 Bf5 23. Qb3 Nd3+ 24. Kf1 Nc5 25. Qa3 Bd3 26. Rc1 f5 27. b4 Bxe2+
28. Kxe2 f4 29. bxc5 fxe3 30. Qxe3 Qc7 31. c6 Qxa5 32. Bd5+ Kh8 33. Rhd1 Qd8
34. Kf1 Ne7 35. Rb1 Nf5 36. Qh3 Qg5 37. Rb3 Nd4 38. Rbd3 Qf6 39. Qe3 Nf5 40.
Qh3 Nd4 41. R1d2 Nf5 42. Rf3 Qa1+ 43. Kg2 Qc1 44. Rfd3 Re8 45. c7 Rc8 46. Rb3
Qxd2 47. Rb8 Qg5+ 48. Qg3 Nh4+ 49. Kh1 Qf5 50. Qxh4 1-0

[Event "Thompson mem op U2000"]
[Site "Dallas"]
[Date "2000.08.06"]
[Round "5"]
[White "Fukuchi, Curtis"]
[Black "Ebady, Sherif"]
[Result "1-0"]
[WhiteElo "1913"]
[BlackElo "1919"]
[PlyCount "33"]
[EventDate "2000.08.04"]
[EventType "swiss"]
[EventRounds "5"]
[EventCountry "USA"]
[Source "ChessBase"]
[SourceDate "2004.11.15"]

1. e4 Nf6 2. e5 Nd5 3. c4 Nb6 4. d4 d6 5. exd6 cxd6 6. Nc3 g6 7. a4 a5 8. c5
dxc5 9. Bb5+ N6d7 10. Bf4 Bg7 11. Nd5 O-O 12. Bc7 Qe8 13. Nb6 Nc6 14. Nxa8 Nxd4
15. Bxa5 Nxb5 16. axb5 Ne5 17. Nc7 1-0

[Event "FIN-chT 0001"]
[Site "Finland"]
[Date "2000.10.21"]
[Round "3"]
[White "Salmensuu, Olli"]
[Black "Solozhenkin, Evgeniy"]
[Result "1/2-1/2"]
[WhiteElo "2434"]
[BlackElo "2506"]
[PlyCount "63"]
[EventDate "2000.11.07"]
[EventType "team"]
[EventRounds "9"]
[EventCountry "FIN"]
[Source "ChessBase"]
[SourceDate "2001.11.25"]

1. e4 Nf6 2. e5 Nd5 3. d4 d6 4. c4 Nb6 5. exd6 cxd6 6. Nc3 g6 7. a4 a5 8. c5
dxc5 9. Bb5+ N6d7 10. Bf4 Bg7 11. Nd5 Na6 12. dxc5 O-O 13. Rc1 e6 14. Nc3 e5
15. Be3 Ndxc5 16. Nge2 Be6 17. O-O Nb3 18. Qxd8 Rfxd8 19. Rcd1 Nd4 20. Bg5 f6
21. Be3 f5 22. Bg5 Rdc8 23. Nxd4 exd4 24. Ne2 Bc4 25. Bxc4+ Rxc4 26. b3 Rb4 27.
Be7 d3 28. Nc1 Re4 29. Ba3 Nb4 30. Nxd3 Nc2 31. Bb2 Bxb2 32. Nxb2 1/2-1/2

[Event "Ural-ch"]
[Site "Orsk"]
[Date "2001.??.??"]
[Round "4"]
[White "Looshnikov, Nikolai"]
[Black "Konnov, Oleg"]
[Result "1-0"]
[WhiteElo "2409"]
[BlackElo "2355"]
[PlyCount "69"]
[EventDate "2001.??.??"]
[EventType "swiss"]
[EventRounds "9"]
[EventCountry "RUS"]
[Source "ChessBase"]
[SourceDate "2001.11.25"]

1. e4 Nf6 2. e5 Nd5 3. d4 d6 4. c4 Nb6 5. exd6 cxd6 6. Nc3 g6 7. a4 a5 8. c5
dxc5 9. Bb5+ N6d7 10. Bf4 Bg7 11. Nd5 e5 12. Bxe5 Bxe5 13. dxe5 Nc6 14. f4 Nd4
15. Nf3 Nxb5 16. axb5 b6 17. Ng5 Nxe5 18. fxe5 Qxg5 19. Nc7+ Kf8 20. Nxa8 Qxe5+
21. Qe2 Qb8 22. O-O-O Kg7 23. Rhf1 Bf5 24. g4 Re8 25. Qf3 Be6 26. g5 Qxa8 27.
Rd6 Qxf3 28. Rxf3 Rb8 29. Rf6 h6 30. h4 hxg5 31. hxg5 Rh8 32. Rxb6 Rh1+ 33. Kd2
Rh2+ 34. Kd3 Rxb2 35. Rb7 1-0

[Event "Heves Fregatt 7th"]
[Site "Heves"]
[Date "2001.01.30"]
[Round "12"]
[White "Bujdoso, Bela"]
[Black "Paal, Attila"]
[Result "0-1"]
[WhiteElo "2067"]
[BlackElo "2172"]
[PlyCount "84"]
[EventDate "2001.01.19"]
[EventType "tourn"]
[EventRounds "13"]
[EventCountry "HUN"]
[Source "ChessBase"]
[SourceDate "2003.11.25"]

1. e4 Nf6 2. e5 Nd5 3. d4 d6 4. c4 Nb6 5. exd6 cxd6 6. Nc3 g6 7. a4 a5 8. c5
dxc5 9. Bb5+ N6d7 10. Bf4 Bg7 11. Nd5 O-O 12. Bc7 Qe8 13. Nb6 Ra6 14. Nf3 Nc6
15. Bxa6 bxa6 16. O-O Nxd4 17. Nxc8 Qxc8 18. Bxa5 Nxf3+ 19. Qxf3 Bxb2 20. Rab1
Ne5 21. Qb3 Bd4 22. Bc3 c4 23. Qc2 Qc5 24. Bxd4 Qxd4 25. Rfd1 Nd3 26. Rbc1 Rb8
27. Rb1 Rd8 28. Rbc1 Re8 29. Rd2 Rb8 30. g3 Rb4 31. Qc3 Qe4 32. Rcd1 a5 33. Qc2
Qe5 34. Re2 Qd4 35. Red2 e5 36. Qa2 e4 37. Re2 c3 38. Ra1 Nc5 39. Rc1 Rxa4 40.
Qc2 Nd3 41. Rd1 Rb4 42. Qa2 a4 0-1

[Event "SVK-chT3A 0102"]
[Site "Slovakia"]
[Date "2002.??.??"]
[Round "8"]
[White "Marman, Vladimir"]
[Black "Szamos, Alexander"]
[Result "1/2-1/2"]
[WhiteElo "2188"]
[BlackElo "2262"]
[PlyCount "54"]
[EventDate "2001.10.??"]
[EventType "team"]
[EventRounds "11"]
[EventCountry "SVK"]
[Source "ChessBase"]
[SourceDate "2005.11.24"]

1. e4 Nf6 2. e5 Nd5 3. c4 Nb6 4. d4 d6 5. exd6 cxd6 6. Nc3 g6 7. a4 a5 8. c5
N6d7 9. Bb5 Bg7 10. cxd6 exd6 11. Qe2+ Qe7 12. Nd5 Qxe2+ 13. Nxe2 O-O 14. Bf4
Nc6 15. Bxd6 Rd8 16. Bxc6 bxc6 17. Ne7+ Kh8 18. Nxc6 Re8 19. Bf4 Ba6 20. Be3
Nb6 21. b3 Nd5 22. Kd2 Bh6 23. Ne5 Bxe3+ 24. fxe3 f6 25. Nc4 Bxc4 26. bxc4 Nxe3
27. Kd3 Nxc4 1/2-1/2

[Event "Cannes P&V Masters"]
[Site "Cannes"]
[Date "2002.02.04"]
[Round "1"]
[White "Janev, Evgeni"]
[Black "Gozzoli, Yannick"]
[Result "1-0"]
[WhiteElo "2498"]
[BlackElo "2337"]
[PlyCount "31"]
[EventDate "2002.02.04"]
[EventType "tourn"]
[EventRounds "9"]
[EventCountry "FRA"]
[EventCategory "4"]
[Source "ChessBase"]
[SourceDate "2002.11.25"]

1. e4 Nf6 2. e5 Nd5 3. c4 Nb6 4. d4 d6 5. exd6 cxd6 6. Nc3 g6 7. a4 a5 8. c5
dxc5 9. Bb5+ N6d7 10. Bf4 Bg7 11. Nd5 e5 12. Bxe5 O-O 13. Bxg7 Kxg7 14. dxc5
Nc6 15. Ne2 Nce5 16. Rc1 1-0

[Event "POL-chT U20"]
[Site "Laczna"]
[Date "2002.07.18"]
[Round "5"]
[White "Owczarzak, Jerzy"]
[Black "Barglowski, Filip"]
[Result "1/2-1/2"]
[WhiteElo "2294"]
[BlackElo "2250"]
[PlyCount "66"]
[EventDate "2002.07.15"]
[EventType "team"]
[EventRounds "11"]
[EventCountry "POL"]
[Source "ChessBase"]
[SourceDate "2002.09.10"]

1. e4 Nf6 2. e5 Nd5 3. d4 d6 4. c4 Nb6 5. exd6 cxd6 6. Nc3 g6 7. a4 Bg7 8. a5
N6d7 9. Nf3 Nc6 10. Ra3 O-O 11. Be3 Nxa5 12. d5 b6 13. b4 Nb7 14. Nb5 Ne5 15.
Nfd4 Bd7 16. f4 Bxb5 17. Nxb5 Nd7 18. Nxa7 e5 19. dxe6 fxe6 20. Be2 Bb2 21. Ra2
Bc3+ 22. Bd2 Qf6 23. Bxc3 Qxc3+ 24. Qd2 Qxd2+ 25. Kxd2 Na5 26. bxa5 Rxa7 27.
Rha1 Rxa5 28. Rxa5 bxa5 29. Rxa5 Rxf4 30. Ke3 e5 31. Ra6 Rd4 32. Bf3 Kf8 33.
Bd5 Ke7 1/2-1/2

[Event "Monarch Assurance 11th"]
[Site "Port Erin"]
[Date "2002.10.02"]
[Round "5"]
[White "Hanley, Craig"]
[Black "Grunberg, Mihai"]
[Result "0-1"]
[WhiteElo "2331"]
[BlackElo "2445"]
[PlyCount "62"]
[EventDate "2002.09.28"]
[EventType "swiss"]
[EventRounds "9"]
[EventCountry "IOM"]
[Source "ChessBase"]
[SourceDate "2002.11.07"]

1. e4 Nf6 2. e5 Nd5 3. c4 Nb6 4. d4 d6 5. exd6 cxd6 6. Nc3 g6 7. a4 Bg7 8. a5
N6d7 9. Nf3 Nc6 10. Ra3 Nxa5 11. d5 b6 12. b4 Nb7 13. Nd4 Nb8 14. Ncb5 a5 15.
Be2 Qd7 16. Bf3 Na6 17. Nc6 axb4 18. Rxa6 Rxa6 19. Nb8 Ra1 20. Nxd7 Bxd7 21.
O-O Nc5 22. Qe2 O-O 23. g4 b3 24. Bb2 Ra2 25. Rb1 Bxb5 26. cxb5 Rc8 27. Qc4
Bxb2 28. Bd1 Ra4 29. Qe2 Be5 30. Bxb3 Re4 31. Qf3 Ra8 0-1

[Event "FRA-chT2W 0203"]
[Site "France"]
[Date "2002.11.17"]
[Round "3"]
[White "Pasquier, Thomas"]
[Black "Gozzoli, Yannick"]
[Result "1/2-1/2"]
[WhiteElo "2239"]
[BlackElo "2377"]
[PlyCount "86"]
[EventDate "2002.10.??"]
[EventType "team"]
[EventRounds "11"]
[EventCountry "FRA"]
[Source "ChessBase"]
[SourceDate "2003.11.25"]
[WhiteTeam "Le Mans"]
[BlackTeam "Evry"]
[WhiteTeamCountry "FRA"]
[BlackTeamCountry "FRA"]

1. e4 Nf6 2. e5 Nd5 3. d4 d6 4. c4 Nb6 5. exd6 cxd6 6. Nc3 g6 7. a4 a5 8. c5
dxc5 9. Bb5+ N6d7 10. Bf4 Bg7 11. Nd5 e5 12. dxe5 O-O 13. Nf3 Nc6 14. Bxc6 bxc6
15. Bg5 f6 16. Nxf6+ Bxf6 17. exf6 Qe8+ 18. Kf1 Nxf6 19. Qc2 Ba6+ 20. Kg1 Qe2
21. Qxe2 Bxe2 22. Ne5 Rae8 23. Nxc6 Ne4 24. Be3 Rf6 25. Nxa5 Nxf2 26. Bxf2 Ref8
27. h4 Rxf2 28. Rh3 Ba6 29. Rc1 Rxb2 30. Rxc5 Rf1+ 31. Kh2 Rff2 32. Rg3 Rb4 33.
h5 Rxa4 34. hxg6 Rh4+ 35. Rh3 Rxh3+ 36. Kxh3 hxg6 37. g3 Kg7 38. Nb3 Kh6 39.
Nd4 Rd2 40. Nf3 Rf2 41. Ne5 Bf1+ 42. Kg4 Be2+ 43. Kh3 Bf1+ 1/2-1/2

[Event "FRA-chT2W 0203"]
[Site "France"]
[Date "2003.01.18"]
[Round "5"]
[White "Pasquier, Thomas"]
[Black "Alet, Jean Pierre"]
[Result "1/2-1/2"]
[WhiteElo "2239"]
[BlackElo "2211"]
[PlyCount "47"]
[EventDate "2002.10.??"]
[EventType "team"]
[EventRounds "11"]
[EventCountry "FRA"]
[Source "ChessBase"]
[SourceDate "2003.11.25"]
[WhiteTeam "Le Mans"]
[BlackTeam "Poitiers Buxerolles"]
[WhiteTeamCountry "FRA"]
[BlackTeamCountry "FRA"]

1. e4 Nf6 2. e5 Nd5 3. d4 d6 4. c4 Nb6 5. exd6 cxd6 6. Nc3 g6 7. a4 Bg7 8. a5
N6d7 9. Be3 O-O 10. Nf3 e5 11. Be2 Nc6 12. d5 Ne7 13. Nb5 Nc5 14. b4 Ne4 15.
Nd2 Nxd2 16. Qxd2 Nf5 17. Bxa7 e4 18. Ra3 Bd7 19. Bb6 e3 20. Bxe3 Nxe3 21. Qxe3
Re8 22. Qf3 Bxb5 23. cxb5 Qh4 24. O-O 1/2-1/2

[Event "Moscow Aeroflot op-B"]
[Site "Moscow"]
[Date "2003.02.18"]
[Round "8"]
[White "Kouvatsou, Maria"]
[Black "Shibaev, Aleksey"]
[Result "1/2-1/2"]
[WhiteElo "2208"]
[BlackElo "2325"]
[PlyCount "56"]
[EventDate "2003.02.10"]
[EventType "swiss"]
[EventRounds "9"]
[EventCountry "RUS"]
[Source "ChessBase"]
[SourceDate "2003.05.26"]

1. e4 Nf6 2. e5 Nd5 3. c4 Nb6 4. d4 d6 5. exd6 cxd6 6. Nc3 g6 7. a4 Bg7 8. Nf3
a5 9. h3 O-O 10. Be2 Bf5 11. O-O Nc6 12. Be3 d5 13. cxd5 Nb4 14. Rc1 N6xd5 15.
Bc4 Rc8 16. Nxd5 Nxd5 17. Bg5 h6 18. Bh4 Nb4 19. Re1 g5 20. Bg3 Nd3 21. Bxd3
Rxc1 22. Qxc1 Bxd3 23. Qe3 Bc2 24. Qxe7 Qxe7 25. Rxe7 Bxa4 26. Rxb7 Bc6 27. Ra7
Bxf3 28. gxf3 Bxd4 1/2-1/2

[Event "Budapest FS05 IM-A"]
[Site "Budapest"]
[Date "2003.05.09"]
[Round "7"]
[White "Kouvatsou, Maria"]
[Black "Dubois, Loic"]
[Result "1-0"]
[WhiteElo "2233"]
[BlackElo "2264"]
[PlyCount "87"]
[EventDate "2003.05.03"]
[EventType "tourn"]
[EventRounds "13"]
[EventCountry "HUN"]
[EventCategory "1"]
[Source "ChessBase"]
[SourceDate "2003.07.09"]

1. e4 Nf6 2. e5 Nd5 3. d4 d6 4. c4 Nb6 5. exd6 cxd6 6. Nc3 g6 7. a4 Bg7 8. a5
N6d7 9. Nf3 Nc6 10. Ra3 O-O 11. d5 Nce5 12. Nxe5 Nxe5 13. Be2 Qc7 14. Nb5 Qb8
15. Be3 Bf5 16. Nd4 Qc8 17. Nxf5 Qxf5 18. f4 Nxc4 19. Bxc4 Qe4 20. Be2 Qxg2 21.
Bf3 Qxb2 22. Qb3 Rfc8 23. O-O b6 24. Qxb2 Bxb2 25. Rb3 Bf6 26. a6 Kg7 27. Be2
Rc7 28. Bb5 Rc2 29. Rc1 Rxc1+ 30. Bxc1 Bd4+ 31. Be3 Bc5 32. Bc6 Rc8 33. Bb7 Rd8
34. Kf2 Kf6 35. Rb1 Kf5 36. Kf3 Kf6 37. Bf2 h6 38. Rg1 Rg8 39. Bc6 g5 40. fxg5+
hxg5 41. h4 Kf5 42. Bd7+ Kf6 43. Rg4 Rg7 44. hxg5+ 1-0

[Event "Balaguer op"]
[Site "Balaguer"]
[Date "2003.07.15"]
[Round "1"]
[White "Guetas Sanchez, Hugo"]
[Black "Velicka, Petr"]
[Result "0-1"]
[WhiteElo "2013"]
[BlackElo "2442"]
[PlyCount "92"]
[EventDate "2003.07.14"]
[EventType "swiss"]
[EventRounds "9"]
[EventCountry "ESP"]
[Source "ChessBase"]
[SourceDate "2003.09.04"]

1. e4 Nf6 2. e5 Nd5 3. d4 d6 4. c4 Nb6 5. exd6 cxd6 6. Nc3 g6 7. a4 Bg7 8. a5
N6d7 9. Nf3 O-O 10. Ra3 Nf6 11. d5 e6 12. Be2 exd5 13. cxd5 Bg4 14. Be3 Nbd7
15. h3 Bxf3 16. Bxf3 a6 17. O-O Qc7 18. Na4 Rac8 19. Qd2 Ne5 20. Rc3 Nxf3+ 21.
gxf3 Qe7 22. Rxc8 Rxc8 23. Nb6 Re8 24. Qb4 Qe5 25. Rd1 Qf5 26. Kg2 Nh5 27. Qg4
Bxb2 28. Qxf5 gxf5 29. Rb1 Bc3 30. Nc4 f4 31. Ba7 Re7 32. Nxd6 Rd7 33. Nf5 Bxa5
34. Kh2 h6 35. d6 Kh7 36. Rc1 Ng7 37. Nxg7 Kxg7 38. Bd4+ f6 39. Bc5 Kf7 40. Rc4
b5 41. Rxf4 Bc3 42. Rh4 Be5+ 43. f4 Bxd6 44. Bxd6 Rxd6 45. Rxh6 Rb6 46. f5 b4
0-1

[Event "Mislata op-B 11th op"]
[Site "Mislata"]
[Date "2003.??.??"]
[Round "3.6"]
[White "Zamarbide Ibarrea, Borja"]
[Black "Barry Bertomeu, Enrique"]
[Result "1-0"]
[WhiteElo "2138"]
[BlackElo "2048"]
[PlyCount "97"]
[EventDate "2003.08.19"]
[EventType "swiss"]
[EventRounds "9"]
[EventCountry "ESP"]
[Source "ChessBase"]
[SourceDate "2003.11.25"]

1. e4 Nf6 2. e5 Nd5 3. d4 d6 4. c4 Nb6 5. exd6 cxd6 6. Nc3 g6 7. a4 Bg7 8. a5
N6d7 9. Ra3 Nf6 10. Bd3 Nc6 11. d5 Ne5 12. Be2 h5 13. Nf3 Nxf3+ 14. Bxf3 Bg4
15. Nb5 a6 16. Nd4 Rc8 17. Bxg4 Nxg4 18. Qa4+ Qd7 19. Nf3 Qxa4 20. Rxa4 Ne5 21.
Nxe5 Bxe5 22. O-O Rc7 23. Rd1 Kd7 24. b3 Bf6 25. Be3 g5 26. Ra2 g4 27. Rc2 Be5
28. Bb6 Rcc8 29. Rb1 f5 30. Rd1 h4 31. b4 f4 32. Bd4 Rh5 33. Kf1 f3 34. Bxe5
Rxe5 35. gxf3 gxf3 36. Rd4 Rf5 37. h3 Re5 38. Rc3 Rf5 39. Rcd3 Rh8 40. Re3 Rh7
41. Ree4 Rg7 42. Rxh4 Re5 43. Rde4 Rg2 44. Ref4 Rh2 45. Rxf3 Rh1+ 46. Kg2 Ree1
47. Rf7 Rhg1+ 48. Kf3 Rb1 49. Re4 1-0

[Event "ROM-ch"]
[Site "Satu Mare"]
[Date "2003.09.02"]
[Round "1.2"]
[White "Buescu, Neculai"]
[Black "Grunberg, Mihai"]
[Result "0-1"]
[WhiteElo "2261"]
[BlackElo "2406"]
[PlyCount "98"]
[EventDate "2003.09.01"]
[EventType "k.o."]
[EventRounds "5"]
[EventCountry "ROM"]
[Source "ChessBase"]
[SourceDate "2003.10.22"]

1. e4 Nf6 2. e5 Nd5 3. d4 d6 4. c4 Nb6 5. exd6 cxd6 6. Nc3 g6 7. a4 Bg7 8. a5
N6d7 9. Nf3 O-O 10. Be2 e5 11. O-O Re8 12. Nb5 e4 13. Ng5 Nf8 14. Bf4 f6 15.
Nh3 Bxh3 16. gxh3 Ne6 17. Bg3 f5 18. Nxd6 Rf8 19. Be5 Nc6 20. Bxg7 Kxg7 21. d5
Qxd6 22. dxe6 Qxe6 23. Qd5 Qxd5 24. cxd5 Nd4 25. Bc4 Rac8 26. b3 Kf6 27. Rfd1
Ke5 28. Kh1 f4 29. Ra4 e3 30. fxe3 fxe3 31. d6 e2 32. Bxe2 Nxe2 33. d7 Rc1 34.
Rxc1 Nxc1 35. Rc4 Kd6 36. Rxc1 Kxd7 37. Kg2 Rf5 38. b4 Rf4 39. Rb1 Kd6 40. Kg3
Rd4 41. h4 Kd5 42. h3 Rd3+ 43. Kg4 h5+ 44. Kg5 Rg3+ 45. Kh6 Kc4 46. b5 b6 47.
axb6 axb6 48. Rb2 Kc5 49. Rb1 Rxh3 0-1

[Event "NATO-ch 14th"]
[Site "Hoevelte"]
[Date "2003.09.09"]
[Round "2"]
[White "Lokasto, Anatol"]
[Black "Bellardi, Michel"]
[Result "1-0"]
[WhiteElo "2231"]
[BlackElo "2050"]
[PlyCount "29"]
[EventDate "2003.09.08"]
[EventType "swiss"]
[EventRounds "7"]
[EventCountry "DEN"]
[Source "ChessBase"]
[SourceDate "2003.10.22"]

1. e4 Nf6 2. e5 Nd5 3. d4 d6 4. c4 Nb6 5. exd6 cxd6 6. Nc3 g6 7. a4 a5 8. c5
dxc5 9. Bb5+ N6d7 10. Bf4 Bg7 11. Nd5 e5 12. dxe5 O-O 13. Nf3 Nc6 14. Nb6 Qxb6
15. O-O 1-0

[Event "France-ch U20"]
[Site "Reims"]
[Date "2004.04.19"]
[Round "3"]
[White "Delorme, Laurie"]
[Black "Debray, Tristan"]
[Result "1/2-1/2"]
[WhiteElo "2031"]
[BlackElo "2088"]
[PlyCount "96"]
[EventDate "2004.04.??"]
[EventType "swiss"]
[EventRounds "9"]
[EventCountry "FRA"]
[Source "ChessBase"]
[SourceDate "2004.11.15"]

1. e4 Nf6 2. e5 Nd5 3. d4 d6 4. exd6 cxd6 5. c4 Nb6 6. Nc3 g6 7. a4 Bg7 8. a5
N6d7 9. Nf3 O-O 10. Be2 Nc6 11. Be3 e5 12. d5 Ne7 13. Nb5 Nf6 14. Bxa7 Bg4 15.
Bb6 Qd7 16. Nd2 Bf5 17. Qb3 Bh6 18. Be3 Bxe3 19. Qxe3 Nexd5 20. cxd5 Nxd5 21.
Qa3 Nf4 22. Nxd6 Nxg2+ 23. Kf1 Bh3 24. Bf3 Ne3+ 25. Ke2 Nc2 26. Qc5 Nxa1 27.
Rxa1 Rab8 28. N2c4 Bg4 29. Qe3 Rfd8 30. Rg1 Be6 31. b3 Qc7 32. Qb6 Qe7 33. Rg3
e4 34. Bg4 Bxc4+ 35. Nxc4 Rd3 36. Rxd3 exd3+ 37. Kxd3 Re8 38. Qe3 Qd8+ 39. Qd4
Qg5 40. Bd7 Rd8 41. Nb6 Qxa5 42. Qf6 Rxd7+ 43. Nxd7 Qb5+ 44. Kc3 Qxd7 45. Qf4
Qc6+ 46. Kd3 Qd5+ 47. Kc3 h6 48. b4 Kh7 1/2-1/2

[Event "Wuerttemberg-ch A"]
[Site "Stuttgart"]
[Date "2004.08.29"]
[Round "2"]
[White "Engelhart, Achim"]
[Black "Lenz, Juergen"]
[Result "1/2-1/2"]
[WhiteElo "2237"]
[BlackElo "2245"]
[PlyCount "72"]
[EventDate "2004.08.28"]
[EventType "swiss"]
[EventRounds "9"]
[EventCountry "GER"]
[Source "ChessBase"]
[SourceDate "2004.11.03"]

1. e4 Nf6 2. e5 Nd5 3. d4 d6 4. c4 Nb6 5. exd6 cxd6 6. Nc3 g6 7. a4 a5 8. c5
dxc5 9. Bb5+ N6d7 10. Bf4 Bg7 11. Nd5 e5 12. Bxe5 Bxe5 13. dxe5 O-O 14. Nf3 Nc6
15. Bxc6 bxc6 16. Ne3 Ba6 17. e6 fxe6 18. Rc1 Rxf3 19. gxf3 Ne5 20. Rc3 Qf8 21.
Ng4 Rd8 22. Qb3 c4 23. Qb6 Nd3+ 24. Rxd3 cxd3 25. O-O d2 26. Qxa6 d1=Q 27. Rxd1
Rxd1+ 28. Kg2 h5 29. Ne3 Rc1 30. Qxa5 Qf6 31. b4 Kh7 32. Qc7+ Kh6 33. a5 Qg5+
34. Kh3 Qf6 35. Kg2 e5 36. a6 Qg5+ 1/2-1/2

[Event "Tenerife-chT"]
[Site "Tenerife"]
[Date "2005.04.16"]
[Round "11"]
[White "Peraza Vos Van Zalingen, Jorge"]
[Black "Abreu Suarez, Isauro"]
[Result "1-0"]
[WhiteElo "2170"]
[BlackElo "2137"]
[PlyCount "73"]
[EventDate "2005.01.15"]
[EventType "team"]
[EventRounds "12"]
[EventCountry "ESP"]
[Source "ChessBase"]
[SourceDate "2005.11.24"]

1. e4 Nf6 2. e5 Nd5 3. c4 Nb6 4. d4 d6 5. exd6 cxd6 6. Nc3 g6 7. a4 a5 8. c5
dxc5 9. Bb5+ N6d7 10. Nf3 Bg7 11. dxc5 Nc6 12. Be3 O-O 13. O-O Nf6 14. Qe2 Bg4
15. Rfd1 Qc7 16. h3 Bxf3 17. Qxf3 Rad8 18. Bf4 Qc8 19. Bxc6 bxc6 20. Qe2 Qf5
21. Rxd8 Rxd8 22. Qxe7 Re8 23. Qc7 Qxc5 24. Rd1 h5 25. Rd8 Rxd8 26. Qxd8+ Kh7
27. Be3 Qb4 28. Qb6 Nd5 29. Qxb4 axb4 30. Nxd5 cxd5 31. a5 Bxb2 32. a6 Bc3 33.
a7 b3 34. a8=Q b2 35. Qb7 Kg7 36. Bc5 d4 37. Ba3 1-0

[Event "Niedersachsen-ch U18"]
[Site "Rotenburg/Wuemme"]
[Date "2005.03.24"]
[Round "8"]
[White "Wolters, Rene"]
[Black "Heese, Dennis"]
[Result "1-0"]
[WhiteElo "1529"]
[BlackElo "1507"]
[PlyCount "115"]
[EventDate "2005.03.19"]
[EventType "swiss"]
[EventRounds "9"]
[EventCountry "GER"]
[Source "ChessBase"]
[SourceDate "2006.11.23"]

1. e4 Nf6 2. e5 Nd5 3. c4 Nb6 4. d4 d6 5. exd6 cxd6 6. Nc3 g6 7. a4 Bg7 8. Ra3
O-O 9. Be3 N6d7 10. Nf3 a6 11. Be2 f5 12. Qd2 Re8 13. d5 Ne5 14. Ng5 Qc7 15. b3
Qa5 16. Bd4 h6 17. Ne6 Bxe6 18. dxe6 Nbc6 19. Bxe5 Nxe5 20. Nd5 Qxd2+ 21. Kxd2
Rac8 22. Rd1 Nc6 23. Ke3 Nd8 24. Bf3 Nxe6 25. Nb6 Rc7 26. Bd5 Kf7 27. Ra2 Kf6
28. Re2 Bf8 29. h4 Ng7 30. b4 e6 31. Bf3 e5 32. Nd5+ Kf7 33. Nxc7 e4 34. Nd5
exf3+ 35. Kxf3 Rc8 36. Nb6 Rc6 37. a5 Ne6 38. b5 axb5 39. cxb5 Rc7 40. Ra2 Rc3+
41. Ke2 Nf4+ 42. Kf1 Rc7 43. a6 bxa6 44. bxa6 Ra7 45. Nc8 Ra8 46. Nxd6+ Bxd6
47. Rxd6 Rb8 48. Ra1 Ke7 49. a7 Ra8 50. Rb6 Nd5 51. Rb8 Nc7 52. Rxa8 Nxa8 53.
Rb1 Ke6 54. Rb8 Nc7 55. a8=Q Nxa8 56. Rxa8 Ke5 57. Ra6 g5 58. Rxh6 1-0

[Event "Hessen-ch U18"]
[Site "Bad Homburg"]
[Date "2005.??.??"]
[Round "2"]
[White "Schmidt, Markus"]
[Black "Sbierski, Jan"]
[Result "1/2-1/2"]
[WhiteElo "1847"]
[BlackElo "2083"]
[PlyCount "50"]
[EventDate "2005.04.??"]
[EventType "swiss"]
[EventRounds "8"]
[EventCountry "GER"]
[Source "ChessBase"]
[SourceDate "2006.11.23"]

1. e4 Nf6 2. e5 Nd5 3. d4 d6 4. c4 Nb6 5. exd6 cxd6 6. Nc3 g6 7. a4 a5 8. c5
dxc5 9. Bb5+ N6d7 10. Bf4 Bg7 11. Nd5 e5 12. dxe5 O-O 13. Nf3 Nb6 14. Nf6+ Bxf6
15. exf6 Qxf6 16. Be5 Qe6 17. O-O Nc6 18. Bc7 Nd7 19. Re1 Qf6 20. Bd6 Rd8 21.
Bxc6 Nf8 22. Be7 Rxd1 23. Bxf6 Rxa1 24. Rxa1 bxc6 25. Rc1 Ne6 1/2-1/2